Pays actuels ayant été fondés avant l'an 1000 - Statistiques

Statistiques générales
  • Ce quiz a été pris 405 fois
    318 depuis la dernière actualisation
  • Le résultat moyen est 6 sur 9
Statistiques - réponses
VIIIème avant J-C Pays % Correct
496 ou 498 France
97%
-221 Chine
91%
-660 Japon
82%
862 Russie
77%
Xème siècle avant J-C Iran
62%
vers 980 Danemark
43%
966 Pologne
39%
VIIIème avant J-C Ethiopie
36%
450 Thaïlande
28%
Aucun quiz correspondant
Distribution des résultats
% des personnes avec chaque résultat
Percentile par nombre de réponses
Votre historique - résultats
Vous n’avez pas pris ce quiz depuis la dernière actualisation